Fallen / (Record no. 500)
[ view plain ]
| 000 -LÍDER | |
|---|---|
| campo de controle de tamanho fixo | 01290nam a22003134a 4500 |
| 001 - NÚMERO DE CONTROLE | |
| campo de controle | 500 |
| 003 - IDENTIFICADOR DO NÚMERO DE CONTROLE | |
| campo de controle | BR-RjBN |
| 005 - DATA E HORÁRIO DA ÚLTIMA TRANSAÇÃO | |
| campo de controle | 20260129100508.0 |
| 008 - CAMPO DE DADOS FIXOS--INFORMAÇÃO GERAL | |
| campo de controle de tamanho fixo | 101027s2010 rjb 000 f por |
| 020 ## - ISBN - INTERNATIONAL STANDARD BOOK NUMBER | |
| ISBN - International Standard Book Number | 9788501089625 |
| 040 ## - FONTE DA CATALOGAÇÃO | |
| Idioma da catalogação | por |
| 041 1# - CÓDIGO DE IDIOMA | |
| Código do idioma do texto/trilha sonora ou título diferente | por |
| Código do idioma do original e/ou traduções intermediárias do texto | eng |
| 082 ## - CDD - CLASSIFICAÇÃO DECIMAL DE DEWEY | |
| Número de Classificação | 813 |
| Número do exemplar | K19f |
| 100 ## - ENTRADA PRINCIPAL--NOME PESSOAL | |
| Nome pessoal | Kate, Lauren, |
| Datas associadas ao nome | 1981- |
| 9 (RLIN) | 1072 |
| 240 00 - TÍTULO UNIFORME | |
| Título uniforme | Fallen. |
| 245 10 - TÍTULO | |
| Título | Fallen / |
| Indicação de responsabilidade, etc. | Lauren Kate ; tradução Alda Lima. |
| 250 ## - EDIÇÃO | |
| Declaração de edição | 2. ed. - |
| 260 ## - PUBLICAÇÃO, DISTRIBUIÇÃO, ETC. | |
| Local de publicação, distribuição, etc. | Rio de Janeiro : |
| Nome do editor, distribuidor, etc. | Galera Record, |
| Data da publicação, distribuição, etc. | 2010. |
| 300 ## - DESCRIÇÃO FÍSICA | |
| Extensão | 401p. ; |
| 500 ## - NOTA GERAL | |
| Nota geral | <br/> |
| 520 ## - NOTA DE RESUMO, ETC. | |
| Resumo, etc. | Algo parece estranhamente familiar em relação a Daniel Grigori. Solitário e enigmático, ele chama a atenção de Luce logo no seu primeiro dia de aula no internato. A mudança de escola foi difícil para a jovem, mas encontrar Daniel parece aliviar o peso das sombras que atormentam seu passado: um incêndio misterioso levou Luce até ali. Irremediavelmente atraída por Daniel, ela quer descobrir qual é o segredo que ele precisa tanto esconder... mesmo que isso a aproxime da morte.<br/> |
| 650 00 - ASSUNTO--TERMO TÓPICO | |
| Cabeçalho tópico ou nome geográfico | Literatura Americana |
| 9 (RLIN) | 84 |
| 650 00 - ASSUNTO--TERMO TÓPICO | |
| Cabeçalho tópico ou nome geográfico | Fantasia romântica |
| 9 (RLIN) | 1074 |
| 650 00 - ASSUNTO--TERMO TÓPICO | |
| Cabeçalho tópico ou nome geográfico | Sobrenatural |
| 9 (RLIN) | 538 |
| 650 00 - ASSUNTO--TERMO TÓPICO | |
| Cabeçalho tópico ou nome geográfico | Reencarnação |
| 9 (RLIN) | 793 |
| 700 ## - ENTRADA ADICIONADA - NOME PESSOAL | |
| Nome pessoal | Lima, Alda |
| Função do autor por extenso | TRADUTORA |
| 9 (RLIN) | 1075 |
| 830 ## - ENTRADA SECUNDÁRIA DE SÉRIE--TÍTULO UNIFORME | |
| Título uniforme | Fallen |
| Número do volume ou designação sequencial da série | [v.1] |
| 9 (RLIN) | 1073 |
| 942 ## - ELEMENTOS DE ENTRADA ADICIONADOS (KOHA) | |
| Fonte de classificação ou esquema de arquivamento | Classificação decimal de Dewey |
| Ocultar no OPAC | Não |
| Tipo de material Koha | Livros |
| Situação do descarte | Situação das perdas | Fonte de classificação ou esquema de arquivamento | Status danificado | Não pode ser emprestado | Coleção | Biblioteca de origem | Biblioteca atual | Localização na estante | Data de aquisição | Fonte de aquisição | Total de empréstimos | Número de chamada completo | Código de barras | Data de último acesso | Data do preço efetivo | Tipo de material Koha |
|---|---|---|---|---|---|---|---|---|---|---|---|---|---|---|---|---|
| Classificação decimal de Dewey | Ficção | Biblioteca Professor Eduardo Afonso de Castro | Biblioteca Professor Eduardo Afonso de Castro | Literatura Estrangeira | 29.01.2026 | doação | 813 / K19f | 2026-17434 | 29.01.2026 | 29.01.2026 | Livros |